000
00296nam a22001337a 4500
008
181009b xxu||||| |||| 00| 0 eng d
020
_a
9780324192100
041
_a
eng
080
_2
2nd
_a
330.722
100
_a
61
101
_a
KF
245
_a
Financial Accounting
_c
Antle,R
942
_2
udc
_c
BK
999
_c
49150
_d
49150